Countries containing E - Statistics

General Stats
  • This quiz has been taken 78 times
    70 since last reset
  • The average score is 63 of 87
Answers on the Map
Answers color-coded by a green-red scale on the quiz's map according to % correct below.
 
Answer Stats
Answer % Correct
France
92%
Mexico
92%
United States
92%
United Kingdom
89%
Argentina
87%
Germany
87%
Sweden
87%
Egypt
84%
Nepal
84%
Belgium
82%
Chile
82%
Denmark
82%
Ethiopia
82%
Greece
82%
Iceland
82%
Ireland
82%
Netherlands
82%
New Zealand
82%
Peru
82%
South Korea
82%
United Arab Emirates
82%
Central African Republic
79%
Czech Republic
79%
Ecuador
79%
Guinea
79%
Guinea-Bissau
79%
Indonesia
79%
North Korea
79%
Vietnam
79%
Belarus
76%
El Salvador
76%
Israel
76%
Niger
76%
Nigeria
76%
Senegal
76%
Suriname
76%
Turkey
76%
Belize
74%
Democratic Republic of the Congo
74%
Dominican Republic
74%
Lesotho
74%
Papua New Guinea
74%
Philippines
74%
Yemen
74%
Algeria
71%
Benin
71%
Equatorial Guinea
71%
Eritrea
71%
Estonia
71%
Maldives
71%
Serbia
71%
Turkmenistan
71%
Ukraine
71%
Venezuela
71%
Cameroon
68%
Republic of the Congo
68%
Seychelles
68%
Slovenia
68%
Eswatini
66%
Kenya
66%
Lebanon
66%
Montenegro
66%
Sao Tome and Principe
66%
Zimbabwe
66%
Armenia
63%
Azerbaijan
63%
Bangladesh
63%
Cape Verde
63%
Guatemala
63%
North Macedonia
63%
Switzerland
63%
Timor-Leste
63%
Georgia
61%
Liberia
61%
Micronesia
61%
Uzbekistan
61%
Bosnia and Herzegovina
58%
Grenada
58%
Luxembourg
58%
Singapore
58%
St Kitts and Nevis
58%
St Vincent and the Grenadines
58%
Sierra Leone
55%
Liechtenstein
53%
Brunei
50%
Mozambique
50%
Côte d'Ivoire
37%
No matching quizzes found
Score Distribution
Percent of People with Each Score
Percentile by Number Answered
Your Score History
You have not taken this quiz since the last reset